000 00371nam a22001577a 4500
003 SGT
020 _a978-93-392-0410-5
082 _a658.7
_bCHA
100 _aCHASE,RICHARD.B.
245 _aOPERATIONS AND SUPPLY CHAIN MANAGEMENT
250 _a14TH
260 _aCHENNAI
_bMC-GRAW HILL
_c2016
300 _a934
650 _aMECHANICAL ENGINEERING
942 _2ddc
_cBK
_03
999 _c14367
_d14367